[Event "SF Neuenkirchen 1 - SG Niederkassel. 1"]
[Site "NRW-Klasse, Gruppe 2 2012/201"]
[Date "2013.03.10"]
[Round "7.2"]
[White "Rieke, Theo"]
[Black "Riedel, Holger"]
[Result "1/2-1/2"]
[WhiteElo "1989"]
[BlackElo "2171"]
[PlyCount "59"]
[EventDate "2013.??.??"]
[WhiteTeam "SF Neuenkirchen 1"]
[BlackTeam "SG Niederkassel. 1"]

1. c4 b6 2. Nc3 Bb7 3. Nf3 Nf6 4. d4 e6 5. e3 Bb4 6. Bd2 O-O 7. Bd3 Bxc3 8.
Bxc3 Ne4 9. Bxe4 Bxe4 10. O-O d5 11. Qe2 Nd7 12. Nd2 Bg6 13. e4 c6 14. Rac1 Qh4
15. cxd5 cxd5 16. e5 Rfc8 17. Qa6 h6 18. Nf3 Qd8 19. Bb4 Rxc1 20. Rxc1 Nf8 21.
Bd6 Be4 22. Qb7 Bxf3 23. Be7 Qb8 24. Qxb8 Rxb8 25. Bd6 Ra8 26. Bxf8 Be2 27. Bd6
Ba6 28. f3 Rc8 29. Rxc8+ Bxc8 30. b4 1/2-1/2

[Event "SF Neuenkirchen 1 - SG Niederkassel. 1"]
[Site "NRW-Klasse, Gruppe 2 2012/201"]
[Date "2013.03.10"]
[Round "7.3"]
[White "Bussard, Christian"]
[Black "Haves, Reinhard"]
[Result "1-0"]
[WhiteElo "2112"]
[BlackElo "2174"]
[PlyCount "63"]
[EventDate "2013.??.??"]
[WhiteTeam "SG Niederkassel. 1"]
[BlackTeam "SF Neuenkirchen 1"]

1. d4 g6 2. Nf3 Bg7 3. e4 d6 4. Be2 Nf6 5. Nc3 O-O 6. O-O Nc6 7. h3 e5 8. dxe5
Nxe5 9. Nxe5 dxe5 10. Bg5 Be6 11. Qxd8 Rfxd8 12. f4 Rd4 13. f5 gxf5 14. exf5
Bc4 15. Bxc4 Rxc4 16. Rae1 Re8 17. Re2 h6 18. Bxf6 Bxf6 19. Ne4 Be7 20. f6 Bf8
21. g4 Rd4 22. Kg2 Red8 23. Rf5 Bd6 24. Rh5 Bf8 25. Rxe5 a5 26. Re7 R4d7 27.
Rxd7 Rxd7 28. Kf3 Kh7 29. h4 Rd1 30. h5 Bd6 31. c3 Be5 32. Nf2 1-0

[Event "SF Neuenkirchen 1 - SG Niederkassel. 1"]
[Site "NRW-Klasse, Gruppe 2 2012/201"]
[Date "2013.03.10"]
[Round "7.4"]
[White "Wilde, Pierre"]
[Black "Rybarczyk, Klaus"]
[Result "1-0"]
[WhiteElo "2253"]
[BlackElo "2088"]
[PlyCount "53"]
[EventDate "2013.??.??"]
[WhiteTeam "SF Neuenkirchen 1"]
[BlackTeam "SG Niederkassel. 1"]

1. c4 Nf6 2. g3 c6 3. Bg2 d5 4. Nf3 Bf5 5. cxd5 cxd5 6. Qb3 Qb6 7. Qxb6 axb6 8.
Nc3 e6 9. d3 Nc6 10. O-O h6 11. Nb5 Ra5 12. Nbd4 Bh7 13. Bd2 Ra8 14. Rfc1 Nxd4
15. Nxd4 Bc5 16. Nb5 Ke7 17. d4 Bd6 18. Nxd6 Kxd6 19. Bf4+ Ke7 20. Rc7+ Nd7 21.
Rxb7 Rhc8 22. Bc7 Ke8 23. Bf1 Bc2 24. Rc1 Ba4 25. e3 Nb8 26. Rc3 Bc6 27. Rxb8
1-0

[Event "SF Neuenkirchen 1 - SG Niederkassel. 1"]
[Site "NRW-Klasse, Gruppe 2 2012/201"]
[Date "2013.03.10"]
[Round "7.5"]
[White "Guelsen, Taylan"]
[Black "Buendgen, Achim"]
[Result "1/2-1/2"]
[WhiteElo "2047"]
[BlackElo "2216"]
[Annotator "Doe,John"]
[PlyCount "140"]
[EventDate "2013.??.??"]
[WhiteTeam "SG Niederkassel. 1"]
[BlackTeam "SF Neuenkirchen 1"]

1. e4 e5 2. Nf3 d6 3. d4 Nf6 4. Nc3 Nbd7 5. Bc4 Be7 6. O-O O-O 7. a3 c6 8. b4
Nxe4 9. Nxe4 d5 10. Bb3 dxe4 11. Nxe5 a5 12. bxa5 Nxe5 13. dxe5 Qxd1 14. Rxd1
Rxa5 15. Bb2 Bg4 16. Re1 Bf5 17. a4 Bb4 18. Re2 Rd8 19. g4 Bg6 20. Kg2 Rc5 21.
e6 fxe6 22. Bxe6+ Kh8 23. Rb1 Re8 24. Bd4 Rxe6 25. Rxb4 Rd5 26. Bb2 Rd7 27. h4
h6 28. Kg3 Rf7 29. Rb3 h5 30. g5 Rd6 31. Bc3 Rd1 32. Be1 Ra1 33. a5 Ra2 34. Rd2
Kh7 35. Re2 Rd7 36. Bc3 Bf7 37. Rb1 Ra3 38. Re3 Bd5 39. Rd1 Rf7 40. Rde1 Ra2
41. Rc1 Kg6 42. Be1 Ra4 43. c4 Bxc4 44. Rxe4 Rf3+ 45. Kh2 Bb3 46. Rxa4 Bxa4 47.
Rc4 Bb5 48. Rd4 Rd3 49. Re4 Rd7 50. Kg3 Bd3 51. Re5 Kf7 52. Bb4 g6 53. Bc5 Bf5
54. f3 Be6 55. Re4 Rd5 56. Bb6 Bf5 57. Ra4 Rd3 58. Rc4 Rb3 59. Rd4 Rd3 60. Rc4
Ke6 61. Kf4 Rd5 62. Rc1 Rb5 63. Re1+ Kd6 64. Rd1+ Rd5 65. Re1 Kd7 $11 66. Re3
Rb5 67. Re1 Rd5 68. Re2 Bd3 69. Re5 Rxe5 70. Kxe5 Bf5 1/2-1/2

[Event "SF Neuenkirchen 1 - SG Niederkassel. 1"]
[Site "NRW-Klasse, Gruppe 2 2012/201"]
[Date "2013.03.10"]
[Round "7.6"]
[White "Seegers, Hendrik"]
[Black "Groß, Werner"]
[Result "1-0"]
[WhiteElo "2178"]
[BlackElo "2120"]
[Annotator "Doe,John"]
[PlyCount "189"]
[EventDate "2013.??.??"]
[WhiteTeam "SF Neuenkirchen 1"]
[BlackTeam "SG Niederkassel. 1"]

1. d4 Nf6 2. Nf3 e6 3. Bf4 b6 4. e3 c5 5. Nbd2 Be7 6. h3 O-O 7. c3 cxd4 8. cxd4
Bb7 9. Bd3 d5 10. O-O Nc6 11. a3 Rc8 12. Rc1 Bd6 13. Ne5 Bxe5 14. Bxe5 Nxe5 15.
dxe5 Nd7 16. f4 Rxc1 17. Qxc1 Nc5 18. Bb5 d4 19. b4 dxe3 20. Nf3 Ne4 21. Qxe3
Qd5 22. Bd3 Rd8 23. Bc2 Qc4 24. Rc1 Rc8 25. Kh2 Qc3 26. Qxc3 Nxc3 $11 27. Bd3
Nd5 28. Rxc8+ Bxc8 29. g3 Bd7 30. Kg1 h6 31. Nd4 Kf8 32. Kf2 Ke7 33. Ke2 f5 34.
Kf3 g5 35. fxg5 hxg5 36. h4 gxh4 37. gxh4 Be8 38. Bc4 Bh5+ 39. Kg3 f4+ 40. Kf2
Bg4 41. Nc6+ Kd7 42. Nxa7 Ne3 43. Bb5+ Kc7 44. Be2 Nd1+ 45. Ke1 Ne3 46. Nb5+
Kc6 47. Nc3 f3 48. Bb5+ Kc7 49. Kf2 Nf5 50. Bd3 Nxh4 51. Kg3 Bf5 52. Kxh4 Bxd3
53. Kg3 Be2 54. a4 Bc4 55. Kxf3 Kc6 56. Kf4 Kd7 57. Kg5 Ke7 58. Kg6 Bd3+ 59.
Kg7 Bc2 60. Kh6 Bb3 61. Kg5 Bc2 62. Kf4 Kd7 63. Ke3 Kc6 64. Kd4 Bb3 65. b5+ Kc7
66. Kd3 Kd7 67. Kd2 Ke7 68. Kc1 Bc4 69. Kb2 Kd7 70. Ka3 Bd3 71. Kb4 Kc7 72. Nd1
Be2 73. Nb2 Bf3 74. a5 bxa5+ 75. Kxa5 Kb7 76. Kb4 Kb6 77. Na4+ Kc7 78. Kc5 Bd5
79. Nb2 Be4 80. Nc4 Bd5 81. Nd6 Bf3 82. Ne8+ Kd7 83. Ng7 Bd5 84. Kb6 Bc4 85.
Nh5 Be2 86. Nf6+ Kc8 87. Ne8 Kb8 88. Nc7 Bc4 89. Kc6 Ka7 90. Nxe6 Bxe6 91. Kc7
Ka8 92. b6 Bc8 93. e6 Ba6 94. e7 Bc8 95. b7+ 1-0

[Event "SF Neuenkirchen 1 - SG Niederkassel. 1"]
[Site "NRW-Klasse, Gruppe 2 2012/201"]
[Date "2013.03.10"]
[Round "7.7"]
[White "Kneutgen, Alexander"]
[Black "Beckmann, Klaus"]
[Result "1/2-1/2"]
[WhiteElo "2011"]
[BlackElo "2083"]
[PlyCount "26"]
[EventDate "2013.??.??"]
[WhiteTeam "SG Niederkassel. 1"]
[BlackTeam "SF Neuenkirchen 1"]

1. e4 e5 2. Nf3 d6 3. Bc4 Be7 4. O-O Nf6 5. Re1 O-O 6. d4 Nbd7 7. Bb3 c6 8. c3
h6 9. Nbd2 Re8 10. Nf1 Qc7 11. Ng3 Nf8 12. Be3 Ng6 13. h3 Bf8 1/2-1/2

[Event "SF Neuenkirchen 1 - SG Niederkassel. 1"]
[Site "NRW-Klasse, Gruppe 2 2012/201"]
[Date "2013.03.10"]
[Round "7.8"]
[White "Winnemoeller, Bernd"]
[Black "Konzen, Horst"]
[Result "1-0"]
[WhiteElo "1975"]
[BlackElo "1937"]
[PlyCount "137"]
[EventDate "2013.??.??"]
[WhiteTeam "SF Neuenkirchen 1"]
[BlackTeam "SG Niederkassel. 1"]

1. e4 c5 2. Nc3 d6 3. g3 Nc6 4. Bg2 g6 5. f4 Bg7 6. Nf3 Nf6 7. d3 O-O 8. O-O
Rb8 9. h3 b5 10. g4 b4 11. Ne2 Nd7 12. f5 Nd4 13. Nf4 Nxf3+ 14. Qxf3 c4 15. Nd5
cxd3 16. cxd3 Ba6 17. Bg5 f6 18. Bd2 Ne5 19. Qe3 Bxd3 20. Rfc1 Bc4 21. Qxa7
Bxd5 22. exd5 Qb6+ 23. Qxb6 Rxb6 24. Rc7 Kf7 25. a4 bxa3 26. bxa3 Ra8 27. a4
Rb2 28. Bc3 Rc2 29. a5 Bh6 30. Be4 Re2 31. Re1 Be3+ 32. Kh1 Rxe1+ 33. Bxe1 Bc5
34. Rb7 Nc4 35. Bd3 Ne5 36. fxg6+ hxg6 37. Be2 g5 38. a6 f5 39. gxf5 Kf6 40.
Kg2 Kxf5 41. Rxe7 g4 42. hxg4+ Ke4 43. Bc3 Rf8 44. Bd1 Rf2+ 45. Kg3 Ra2 46.
Bf3+ Kd3 47. Bxe5 dxe5 48. Re6 Bf2+ 49. Kh3 Ke3 50. Bg2 Ra3 51. Kh2 Bh4 52.
Rxe5+ Kf4 53. Re4+ Kg5 54. Bf1 Bg3+ 55. Kg2 Bd6 56. Be2 Ra2 57. Kf3 Ra3+ 58.
Re3 Ra4 59. Re6 Bc5 60. d6 Bb6 61. d7 Rf4+ 62. Kg3 Bc7 63. d8=Q+ Bxd8 64. Re5+
Kf6 65. Kxf4 Bc7 66. g5+ Kg6 67. Bd3+ Kg7 68. a7 Bxe5+ 69. Kxe5 1-0

[Event "Oberhausener SV 1 - SF Neuenkirchen 1"]
[Site "NRW-Klasse, Gruppe 2 2012/201"]
[Date "2013.04.07"]
[Round "8.1"]
[White "Rieke, Theo"]
[Black "Hort, Vlastimil"]
[Result "0-1"]
[WhiteElo "1989"]
[BlackElo "2387"]
[PlyCount "112"]
[EventDate "2013.??.??"]
[WhiteTeam "SF Neuenkirchen 1"]
[BlackTeam "Oberhausener SV 1"]

1. Nf3 g6 2. e4 d6 3. d4 Bg7 4. Nc3 a6 5. a4 b6 6. Be2 Bb7 7. O-O Nd7 8. Re1 e6
9. Bf1 h6 10. h3 Ne7 11. Bf4 O-O 12. Qd2 Kh7 13. Rad1 Qe8 14. Qd3 Rc8 15. Bh2
f6 16. h4 h5 17. Bf4 e5 18. Be3 Ng8 19. g3 exd4 20. Bxd4 Qf7 21. Bh3 Rce8 22.
Nd5 Nc5 23. Bxc5 bxc5 24. Nf4 Bh6 25. Nd5 Kh8 26. Nd2 f5 27. c4 Bxd2 28. Rxd2
fxe4 29. Rxe4 Rxe4 30. Qxe4 Nf6 31. Qf4 Kg7 32. Nxf6 Qxf6 33. Qxf6+ Kxf6 34.
Re2 Bc6 35. b3 a5 36. f4 Bf3 37. Re3 Bd1 38. Rd3 Bc2 39. Rc3 Bd1 40. Rd3 Bc2
41. Rc3 Bb1 42. Bf1 Rb8 43. Bd3 Bxd3 44. Rxd3 Re8 45. Kf2 Re4 46. Kf3 Rd4 47.
Re3 c6 48. g4 Rd1 49. gxh5 gxh5 50. Re8 Rf1+ 51. Ke2 Rxf4 52. Ra8 Rxh4 53. Rxa5
Rh3 54. Ra6 Rxb3 55. Rxc6 Ke5 56. a5 Rc3 0-1

[Event "Oberhausener SV 1 - SF Neuenkirchen 1"]
[Site "NRW-Klasse, Gruppe 2 2012/201"]
[Date "2013.04.07"]
[Round "8.2"]
[White "Becker, Marcel"]
[Black "Haves, Reinhard"]
[Result "1-0"]
[WhiteElo "2320"]
[BlackElo "2174"]
[Annotator "Doe,John"]
[PlyCount "85"]
[EventDate "2013.??.??"]
[WhiteTeam "Oberhausener SV 1"]
[BlackTeam "SF Neuenkirchen 1"]

1. d4 g6 2. c4 Bg7 3. Nc3 d6 4. e4 Nc6 5. Be3 Nf6 6. h3 e5 7. d5 Nd4 8. Nge2
Qe7 9. Nxd4 exd4 10. Qxd4 O-O 11. Qd3 Re8 12. O-O-O Nxe4 13. Nxe4 Qxe4 14. Qxe4
Rxe4 15. Bd3 Re8 16. Rhe1 Bd7 17. Re2 b6 18. Rde1 Re5 19. Bf4 Rxe2 20. Rxe2 Kf8
21. Kc2 Re8 22. Rxe8+ Kxe8 23. Be3 Ke7 24. b4 c5 25. dxc6 Bxc6 26. f3 Kd7 27.
b5 Bb7 28. Be4 d5 29. Bd3 Kd6 $11 30. Kb3 Be5 31. a4 Ke6 32. a5 d4 33. Bf2 Kd7
34. Ka4 Kd6 35. Bh4 Kd7 36. Bg5 Bd6 37. Bf6 Bc5 38. Be5 a6 39. axb6 Bxb6 40.
Kb4 Ke6 41. Bb8 a5+ 42. Ka4 f5 43. Bf4 1-0

[Event "Oberhausener SV 1 - SF Neuenkirchen 1"]
[Site "NRW-Klasse, Gruppe 2 2012/201"]
[Date "2013.04.07"]
[Round "8.3"]
[White "Wilde, Pierre"]
[Black "Kaufeld, Juergen"]
[Result "1/2-1/2"]
[WhiteElo "2253"]
[BlackElo "2310"]
[PlyCount "118"]
[EventDate "2013.??.??"]
[WhiteTeam "SF Neuenkirchen 1"]
[BlackTeam "Oberhausener SV 1"]

1. c4 g6 2. g3 Bg7 3. Bg2 c5 4. Nc3 Nc6 5. Nf3 e6 6. O-O Nge7 7. a3 O-O 8. Rb1
d5 9. d3 b6 10. Bg5 h6 11. Bd2 Bb7 12. Qc1 Kh7 13. b4 cxb4 14. axb4 Rc8 15.
cxd5 exd5 16. Qa3 Re8 17. b5 Na5 18. Na4 Nf5 19. e3 d4 20. e4 Ne7 21. Rfc1
Rxc1+ 22. Rxc1 f5 23. Bxa5 bxa5 24. Nc5 Bc8 25. Nb3 a6 26. bxa6 Bxa6 27. exf5
Nxf5 28. Nxa5 Bf8 29. Qa2 Bxd3 30. Qf7+ Ng7 31. Nc6 Qd6 32. Ncxd4 Qe7 33. Qxe7
Bxe7 34. Re1 Bc5 35. Rxe8 Nxe8 36. Ne6 Bd6 37. Bf1 Bf5 38. Ned4 Be4 39. Nd2 Bb7
40. Bd3 Kg7 41. Be4 Bc8 42. Kg2 Nf6 43. Bc6 Bc5 44. N4f3 Be6 45. Ne5 Ng4 46.
Nxg4 Bxg4 47. Be4 Be2 48. Nb3 Bb6 49. Nc1 Bd1 50. f3 Kf6 51. Nd3 Bc7 52. Nf2
Ba4 53. Ng4+ Kg7 54. f4 Bd6 55. Ne3 Bd7 56. Kf3 h5 57. Nc4 Bc7 58. Ne5 Be8 59.
h4 Kf6 1/2-1/2

[Event "Oberhausener SV 1 - SF Neuenkirchen 1"]
[Site "NRW-Klasse, Gruppe 2 2012/201"]
[Date "2013.04.07"]
[Round "8.4"]
[White "Litwak, Aleksej"]
[Black "Buendgen, Achim"]
[Result "0-1"]
[WhiteElo "2189"]
[BlackElo "2216"]
[Annotator "Doe,John"]
[PlyCount "96"]
[EventDate "2013.??.??"]
[WhiteTeam "Oberhausener SV 1"]
[BlackTeam "SF Neuenkirchen 1"]

1. e4 e5 2. Nf3 Nc6 3. Bb5 Nge7 4. O-O a6 5. Ba4 d6 6. c3 Bd7 7. d4 Ng6 8. Re1
Be7 9. Nbd2 h6 10. Nf1 Bg5 11. Ne3 Bxe3 12. Bxe3 O-O 13. h3 Qe7 14. d5 Nb8 15.
c4 a5 16. Rc1 Bxa4 17. Qxa4 Nd7 18. Qc2 b6 19. b3 Nh4 20. Qe2 Nc5 21. Nxh4 $11
Qxh4 22. Bxc5 bxc5 23. Qg4 Qxg4 24. hxg4 Rfb8 25. Re3 Rb4 26. Rcc3 a4 27. g3
axb3 28. axb3 f6 29. Kg2 Kf7 30. Rcd3 Ra2 31. Rf3 Ke7 32. Rde3 Rb8 33. Kf1 Rb2
34. Rd3 Ra8 35. Kg2 Ra1 36. Rfe3 Raa2 37. Rf3 Kd7 38. Rc3 Kc8 39. Rcd3 Kb7 40.
Rc3 Kb6 41. Rce3 Ka5 42. Rd3 Kb4 43. Rde3 Ra3 44. g5 hxg5 45. Kh3 Rbxb3 46.
Rxb3+ Rxb3 47. Rf5 Kxc4 48. Kg4 Kd4 0-1

[Event "Oberhausener SV 1 - SF Neuenkirchen 1"]
[Site "NRW-Klasse, Gruppe 2 2012/201"]
[Date "2013.04.07"]
[Round "8.5"]
[White "Seegers, Hendrik"]
[Black "Nissen, Claus"]
[Result "0-1"]
[WhiteElo "2178"]
[BlackElo "2114"]
[PlyCount "64"]
[EventDate "2013.??.??"]
[WhiteTeam "SF Neuenkirchen 1"]
[BlackTeam "Oberhausener SV 1"]

1. d4 e6 2. Nf3 b6 3. Bf4 Bb7 4. Nbd2 f5 5. e3 Nf6 6. Bd3 Be7 7. h3 O-O 8. c3
Ne4 9. Qc2 Nxd2 10. Qxd2 c5 11. O-O Qe8 12. Rfe1 Bxf3 13. gxf3 Qh5 14. Bf1 cxd4
15. exd4 g5 16. Bxb8 Raxb8 17. d5 Rbd8 18. f4 Qh4 19. Bg2 gxf4 20. Qe2 Rf6 21.
Qf3 Rg6 22. Rad1 Re8 23. dxe6 dxe6 24. Kh2 Kf7 25. Rd4 Reg8 26. Bf1 Rg1 27.
Rdd1 R1g6 28. Bc4 Rg2+ 29. Kh1 Rxf2 30. Rxe6 Rxf3 31. Rh6+ Kf8 32. Rxh4 Bxh4
0-1

[Event "Oberhausener SV 1 - SF Neuenkirchen 1"]
[Site "NRW-Klasse, Gruppe 2 2012/201"]
[Date "2013.04.07"]
[Round "8.6"]
[White "Joergens, Markus"]
[Black "Beckmann, Klaus"]
[Result "1/2-1/2"]
[WhiteElo "2068"]
[BlackElo "2083"]
[PlyCount "47"]
[EventDate "2013.??.??"]
[WhiteTeam "Oberhausener SV 1"]
[BlackTeam "SF Neuenkirchen 1"]

1. d4 Nf6 2. c4 e6 3. g3 d5 4. Bg2 Be7 5. Nf3 O-O 6. O-O dxc4 7. Qc2 a6 8. a4
c5 9. dxc5 Qc7 10. Na3 Bxc5 11. Bf4 Qe7 12. Nxc4 Nc6 13. Nfe5 Nb4 14. Qb3 Nfd5
15. Bd2 a5 16. Rac1 Rd8 17. Ne3 Nb6 18. Rfd1 Bd7 19. Nxd7 Rxd7 20. Bxb4 Bxb4
21. Nc4 Nxc4 22. Qxc4 Rad8 23. Rxd7 Qxd7 24. Qc7 1/2-1/2

[Event "Oberhausener SV 1 - SF Neuenkirchen 1"]
[Site "NRW-Klasse, Gruppe 2 2012/201"]
[Date "2013.04.07"]
[Round "8.7"]
[White "Winnemoeller, Bernd"]
[Black "Voge, Andreas"]
[Result "0-1"]
[WhiteElo "1975"]
[BlackElo "2056"]
[PlyCount "46"]
[EventDate "2013.??.??"]
[WhiteTeam "SF Neuenkirchen 1"]
[BlackTeam "Oberhausener SV 1"]

1. e4 c5 2. Nc3 Nc6 3. g3 g6 4. Bg2 Bg7 5. d3 Nf6 6. Nge2 O-O 7. h3 d6 8. Be3
Bd7 9. Qd2 Qb6 10. Nd1 Nd4 11. c3 Nxe2 12. Qxe2 Qa6 13. O-O Bc6 14. f4 Bxe4 15.
Bxe4 Nxe4 16. Kh2 Nf6 17. Nf2 Rfe8 18. a3 e5 19. Qf3 Qc6 20. Qxc6 bxc6 21. fxe5
Nd5 22. Rae1 Bxe5 23. Kg2 Bxc3 0-1

[Event "Oberhausener SV 1 - SF Neuenkirchen 1"]
[Site "NRW-Klasse, Gruppe 2 2012/201"]
[Date "2013.04.07"]
[Round "8.8"]
[White "Mroczek, Mathias"]
[Black "Hachmeister, Dirk"]
[Result "0-1"]
[WhiteElo "2037"]
[BlackElo "2180"]
[PlyCount "68"]
[EventDate "2013.??.??"]
[WhiteTeam "Oberhausener SV 1"]
[BlackTeam "SF Neuenkirchen 1"]

1. Nf3 Nf6 2. g3 b6 3. Bg2 Bb7 4. O-O e6 5. c4 Be7 6. Nc3 c5 7. d4 d6 8. d5 e5
9. Ne1 Nbd7 10. Nd3 a6 11. f4 Qc7 12. e4 Rb8 13. a4 O-O 14. Qe2 Bc8 15. f5 h6
16. g4 Nh7 17. Be3 Qd8 18. Ne1 Kh8 19. Nf3 Ndf6 20. h3 Ng8 21. Qf2 Bd7 22. Rfb1
Qc7 23. b4 g5 24. b5 Ra8 25. Qb2 Ngf6 26. Nd2 Kg7 27. a5 Rfb8 28. bxa6 bxa5 29.
Nb5 Qd8 30. a7 Rxa7 31. Nxa7 Rxb2 32. Rxb2 a4 33. Nb1 Qa5 34. Nb5 Qe1+ 0-1

[Event "SK Münster 1 - SF Gerresheim 1"]
[Site "NRW-Klasse, Gruppe 2 2012/201"]
[Date "2013.04.07"]
[Round "8.1"]
[White "Savchenko, Viacheslav"]
[Black "Van Der Weide, Karel"]
[Result "0-1"]
[WhiteElo "2335"]
[BlackElo "2394"]
[PlyCount "110"]
[EventDate "2013.??.??"]
[WhiteTeam "SF Gerresheim 1"]
[BlackTeam "SK Münster 1"]

1. e4 e6 2. d4 d5 3. Nd2 Nc6 4. Ngf3 Nf6 5. e5 Nd7 6. Bd3 f6 7. Ng5 Ndxe5 8.
dxe5 fxg5 9. Qh5+ g6 10. Bxg6+ Kd7 11. h4 Bg7 12. Bxh7 g4 13. Ne4 Qf8 14. Be3
Nxe5 15. O-O-O c6 16. Kb1 Qf7 17. Qxf7+ Nxf7 18. Ng5 Nh6 19. Rhe1 e5 20. Bg6
Ke7 21. f4 gxf3 22. Nxf3 Bg4 23. h5 Kd6 24. Rd2 b6 25. Ng5 Raf8 26. a4 Bf5 27.
a5 c5 28. axb6 axb6 29. Bg1 Bxg6 30. hxg6 Rf5 31. Ne4+ Kc6 32. Nc3 e4 33. Nd1
Re8 34. c3 Ng4 35. Ne3 Nxe3 36. Bxe3 Re6 37. g4 Rf3 38. Rh2 Rxg6 39. g5 d4 40.
Bc1 e3 41. Kc2 Rxg5 42. cxd4 Bxd4 43. Rh6+ Kb5 44. Re6 Rg2+ 45. Kd3 Bxb2 46.
Bxe3 Bd4 47. Rb1+ Rb2 48. Rxb2+ Bxb2 49. Ke4 Rf6 50. Re8 Kc4 51. Rc8 Re6+ 52.
Kf3 Bd4 53. Bf4 b5 54. Kg4 b4 55. Kf5 Rb6 0-1

[Event "SK Münster 1 - SF Gerresheim 1"]
[Site "NRW-Klasse, Gruppe 2 2012/201"]
[Date "2013.04.07"]
[Round "8.2"]
[White "Kuijf, Marinus"]
[Black "Dresen, Ulrich"]
[Result "1-0"]
[WhiteElo "2346"]
[BlackElo "2165"]
[Annotator "Doe,John"]
[PlyCount "135"]
[EventDate "2013.??.??"]
[WhiteTeam "SK Münster 1"]
[BlackTeam "SF Gerresheim 1"]

1. e4 d6 2. d4 Nf6 3. Nc3 e5 4. Nge2 Be7 5. Be3 c6 6. f3 O-O 7. Qd2 b5 8. dxe5
dxe5 9. Qxd8 Rxd8 10. a4 b4 11. Nb1 Be6 12. Nd2 Nbd7 13. Nc1 Nc5 14. Nc4 Nfd7
15. Na5 Rdc8 16. b3 f6 17. Na2 Rab8 18. Bd2 Kf7 19. Bc4 Bxc4 20. Nxc4 Ne6 21.
Be3 c5 22. a5 Rc6 23. Ke2 Ndf8 24. Nc1 Nd4+ 25. Bxd4 cxd4 26. Nd3 Nd7 27. g3
Rbc8 28. Kd2 Ke6 29. Ra4 Nc5 30. Nxc5+ Bxc5 31. Kd3 a6 $11 32. Raa1 h5 33. f4
Rh8 34. h3 Bd6 35. Raf1 h4 36. f5+ Kf7 37. g4 Be7 38. g5 Rc5 39. gxf6 Bxf6 40.
Rhg1 Rc6 41. Rg6 Rhc8 42. Rfg1 R8c7 43. Ra1 Ke7 44. Ra4 Rxc4 45. bxc4 Rb7 46.
c5 b3 47. Rg1 b2 48. Rb1 Bg5 49. Kc4 Bc1 50. Kd5 Rd7+ 51. Kxe5 d3 52. cxd3 Rxd3
53. Rb4 Rxh3 54. R4xb2 Bxb2+ 55. Rxb2 Rg3 56. Rb7+ Kd8 57. Kf4 g5+ 58. fxg6
Rxg6 59. Rb6 Rg2 60. Rxa6 h3 61. Rh6 h2 62. a6 Kc7 63. e5 Rc2 64. Rh7+ Kc6 65.
a7 Ra2 66. Rxh2 Rxa7 67. e6 Kxc5 68. Ke5 1-0

[Event "SK Münster 1 - SF Gerresheim 1"]
[Site "NRW-Klasse, Gruppe 2 2012/201"]
[Date "2013.04.07"]
[Round "8.3"]
[White "Koehler, Markus"]
[Black "Molinaroli, Martin"]
[Result "0-1"]
[WhiteElo "2118"]
[BlackElo "2278"]
[PlyCount "114"]
[EventDate "2013.??.??"]
[WhiteTeam "SF Gerresheim 1"]
[BlackTeam "SK Münster 1"]

1. c4 g6 2. Nc3 Bg7 3. g3 Nf6 4. Bg2 O-O 5. e4 d6 6. Nge2 c6 7. O-O a6 8. a4 a5
9. d4 Na6 10. h3 e5 11. Be3 Qe7 12. d5 Nb4 13. Qd2 cxd5 14. cxd5 Nd7 15. Nb5 b6
16. f4 exf4 17. gxf4 Ba6 18. Nec3 Rac8 19. Rac1 Nc5 20. Bxc5 bxc5 21. Rce1 Bxb5
22. axb5 c4 23. Ra1 Qc7 24. f5 Be5 25. f6 Kh8 26. h4 Nd3 27. Na4 Rb8 28. b6 Qd7
29. Nc3 Qg4 30. Qh6 Rg8 31. Qe3 g5 32. h5 Qxh5 33. Rf5 Qh2+ 34. Kf1 Nf4 35. Qg1
Qg3 36. Rxe5 Qd3+ 37. Ke1 dxe5 38. Rxa5 Qg3+ 39. Kf1 Ra8 40. Ra7 Qd3+ 41. Ke1
Rxa7 42. bxa7 Qc2 43. Bf1 Qxb2 44. Qe3 Nd3+ 45. Bxd3 Qxc3+ 46. Kf2 Qxd3 47. Qb6
Qc2+ 48. Kf1 Qxe4 49. Qb7 Qf5+ 50. Ke1 Qc8 51. Qxf7 c3 52. Kd1 Qe8 53. Qc7 Qa4+
54. Kc1 Qa1+ 55. Kc2 Qb2+ 56. Kd3 Qd2+ 57. Ke4 Qf4+ 0-1

[Event "SK Münster 1 - SF Gerresheim 1"]
[Site "NRW-Klasse, Gruppe 2 2012/201"]
[Date "2013.04.07"]
[Round "8.4"]
[White "Wolter, Kai"]
[Black "Selten, Jan"]
[Result "1-0"]
[WhiteElo "2250"]
[BlackElo "2075"]
[PlyCount "73"]
[EventDate "2013.??.??"]
[WhiteTeam "SK Münster 1"]
[BlackTeam "SF Gerresheim 1"]

1. e4 e6 2. Nf3 d5 3. exd5 exd5 4. d4 Bd6 5. c4 c6 6. Nc3 Ne7 7. Bd3 dxc4 8.
Bxc4 O-O 9. O-O Bg4 10. h3 Bh5 11. g4 Bg6 12. Ne5 b5 13. Bb3 Nd7 14. f4 b4 15.
Na4 Be4 16. Bd2 Nb6 17. Qe2 Bxe5 18. dxe5 Bd3 19. Qf2 Bxf1 20. Rxf1 Nxa4 21.
Bxa4 Qb6 22. Be3 Qa5 23. Bb3 Nd5 24. Bd4 Rad8 25. Kh1 Qb5 26. Bxa7 Qd3 27. Kh2
Rfe8 28. Bc2 Qb5 29. Bb3 Rd7 30. Bc5 Red8 31. f5 Nc3 32. Be3 Nd1 33. Rxd1 Rxd1
34. e6 fxe6 35. fxe6 Qe5+ 36. Bf4 R1d2 37. e7+ 1-0

[Event "SK Münster 1 - SF Gerresheim 1"]
[Site "NRW-Klasse, Gruppe 2 2012/201"]
[Date "2013.04.07"]
[Round "8.5"]
[White "Niemers, Johannes"]
[Black "Korth, Daniel"]
[Result "0-1"]
[WhiteElo "1990"]
[BlackElo "2147"]
[PlyCount "80"]
[EventDate "2013.??.??"]
[WhiteTeam "SF Gerresheim 1"]
[BlackTeam "SK Münster 1"]

1. d4 d5 2. f4 Nf6 3. Nf3 g6 4. e3 Bg7 5. Be2 O-O 6. c3 b6 7. O-O Ba6 8. Bxa6
Nxa6 9. Qe2 Nb8 10. Nbd2 c5 11. h3 Qc7 12. Nh4 e6 13. g4 Nc6 14. Qh2 Rac8 15.
Ndf3 Ne4 16. Bd2 b5 17. Be1 b4 18. Ng5 Nxg5 19. fxg5 Qxh2+ 20. Kxh2 bxc3 21.
bxc3 Na5 22. Bg3 Nc4 23. Ng2 Nd2 24. Rf4 e5 25. Rf6 Bxf6 26. gxf6 cxd4 27. cxd4
exd4 28. exd4 Nf3+ 29. Kh1 Nxd4 30. Rd1 Ne2 31. Bd6 Rfd8 32. Rxd5 Nc3 33. Rc5
Ne4 34. Rxc8 Rxc8 35. Be7 Rc6 36. g5 Nxg5 37. Ne3 Ne4 38. Ng4 h5 39. Nh6+ Kh7
40. Nxf7 Nxf6 0-1

[Event "SK Münster 1 - SF Gerresheim 1"]
[Site "NRW-Klasse, Gruppe 2 2012/201"]
[Date "2013.04.07"]
[Round "8.6"]
[White "Rott, Georg"]
[Black "Volkov, Mykyta"]
[Result "1-0"]
[WhiteElo "2109"]
[BlackElo "2145"]
[PlyCount "75"]
[EventDate "2013.??.??"]
[WhiteTeam "SK Münster 1"]
[BlackTeam "SF Gerresheim 1"]

1. e4 e6 2. d4 d5 3. Nd2 Nc6 4. Ngf3 Nf6 5. e5 Nd7 6. c3 f6 7. Bb5 fxe5 8. dxe5
Be7 9. Qa4 Nc5 10. Qg4 O-O 11. O-O Rf5 12. Re1 Nd7 13. Qg3 Ndxe5 14. Nxe5 Bh4
15. Nxc6 bxc6 16. Qh3 Bxf2+ 17. Kh1 cxb5 18. Rf1 c6 19. Nf3 Bb6 20. Bd2 Bd7 21.
Rae1 Bc7 22. g4 Rf8 23. Ng5 Rxf1+ 24. Rxf1 h6 25. Nf7 Qe7 26. Bg5 Qxf7 27. Rxf7
Kxf7 28. Qf3+ Kg8 29. Be7 Re8 30. Bc5 e5 31. h3 a6 32. Kg2 Be6 33. a3 Bf7 34.
Qf5 Rd8 35. Be7 g6 36. Qf6 Rd7 37. Bc5 e4 38. Bd4 1-0

[Event "SK Münster 1 - SF Gerresheim 1"]
[Site "NRW-Klasse, Gruppe 2 2012/201"]
[Date "2013.04.07"]
[Round "8.8"]
[White "Borrink, Joern"]
[Black "Agterberg, Mark"]
[Result "0-1"]
[WhiteElo "2122"]
[BlackElo "1950"]
[PlyCount "74"]
[EventDate "2013.??.??"]
[WhiteTeam "SK Münster 1"]
[BlackTeam "SF Gerresheim 1"]

1. e4 c6 2. d4 d5 3. e5 Qb6 4. Nc3 Nh6 5. Be2 Bf5 6. g4 Bd7 7. Na4 Qc7 8. h3 e6
9. Nf3 b6 10. Nc3 c5 11. Bf4 cxd4 12. Nb5 Qc5 13. Nfxd4 a6 14. Nc3 Nc6 15. Nb3
Qb4 16. Qd2 Ng8 17. O-O-O Na5 18. Be3 Nxb3+ 19. cxb3 Bc5 20. Kb1 Ne7 21. Rhf1
Nc6 22. Bxc5 bxc5 23. f4 Nd4 24. f5 exf5 25. Nxd5 Qxd2 26. Rxd2 Ra7 27. Rc1
Nxe2 28. Rxe2 fxg4 29. hxg4 Bxg4 30. Re3 O-O 31. Rxc5 h5 32. Kc1 Re8 33. b4 Re6
34. Nf4 Rb6 35. Rg3 Rd7 36. Rc8+ Kh7 37. Re8 Rd4 0-1